[Event "Arolo di Leggiuno op 4th"]
[Site "Arolo di Leggiuno"]
[Date "2015.05.10"]
[Round "4"]
[White "Cova, Ennio"]
[Black "Nai, Giovanni"]
[Result "1/2-1/2"]
[WhiteElo "1622"]
[BlackElo "1801"]
[PlyCount "36"]
[EventDate "2015.05.08"]
[EventType "swiss"]
[EventRounds "5"]
[EventCountry "ITA"]
[SourceTitle "CBM 166 Extra"]
[Source "ChessBase"]
[SourceDate "2015.06.18"]
[SourceVersion "1"]
[SourceVersionDate "2015.06.18"]
[SourceQuality "1"]

1. e4 d5 2. exd5 Qxd5 3. Nc3 Qe6+ 4. Be2 Qg6 5. Nf3 Nc6 6. d3 e5 7. Ne4 Be7 8. 0-0 f5 9. Nxe5 Qe6 10. Nxc6 Qxc6 11. Ng3 Nf6 12. Bf3 Qd6 13. Re1 0-0 14. Ne2 Qb6 15. b3 Bd7 16. d4 Ne4 17. c4 Bb4 18. Rf1 Rae8 1/2-1/2

[Event "Lesa op-B 3rd"]
[Site "Lesa"]
[Date "2014.09.19"]
[Round "1"]
[White "Nai, Giovanni"]
[Black "Biava, Pierluigi"]
[Result "1-0"]
[WhiteElo "1831"]
[BlackElo "1635"]
[PlyCount "93"]
[EventDate "2014.09.19"]
[EventType "swiss"]
[EventRounds "5"]
[EventCountry "ITA"]
[SourceTitle "EXT 2016"]
[Source "ChessBase"]
[SourceDate "2015.10.08"]
[SourceVersion "1"]
[SourceVersionDate "2015.10.08"]
[SourceQuality "1"]

1. e4 e5 2. Nf3 Nc6 3. Bb5 Nge7 4. Nc3 g6 5. d3 Bg7 6. Be3 a6 7. Ba4 b5 8. Bb3 Na5 9. Qd2 Nxb3 10. axb3 Bb7 11. 0-0 f5 12. Bh6 Bf6 13. Bg5 Nc6 14. Bxf6 Qxf6 15. Nd5 Qd8 16. Qh6 fxe4 17. dxe4 Nd4 18. Nxe5 Bxd5 19. exd5 Qf6 20. Ng4 Ne2+ 21. Kh1 Qf4 22. Qxf4 Nxf4 23. Rfe1+ Kd8 24. Ne3 Rf8 25. Ra5 Rf6 26. Rea1 Rb6 27. g3 Nh3 28. Kg2 Ng5 29. f4 Ne4 30. Kf3 Nd6 31. g4 Nb7 32. R5a2 Ke7 33. Rd1 Nd6 34. c4 bxc4 35. bxc4 Rb3 36. Ke2 Rab8 37. Rd2 Ne4 38. Rc2 Nc5 39. h4 Nd3 40. d6+ Kxd6 41. Rd2 Kc5 42. Rxd3 Rxb2+ 43. Rxb2 Rxb2+ 44. Rd2 Rxd2+ 45. Kxd2 a5 46. Kc3 a4 47. f5 1-0

[Event "Lesa op 2nd"]
[Site "Lesa"]
[Date "2013.09.22"]
[Round "5"]
[White "Cova, Ennio"]
[Black "Nai, Giovanni"]
[Result "0-1"]
[WhiteElo "1664"]
[BlackElo "1827"]
[PlyCount "78"]
[EventDate "2013.09.20"]
[EventType "swiss"]
[EventRounds "5"]
[EventCountry "ITA"]
[SourceTitle "EXT 2015"]
[Source "ChessBase"]
[SourceDate "2014.11.20"]
[SourceVersion "1"]
[SourceVersionDate "2014.11.20"]
[SourceQuality "1"]

1. Nf3 d5 2. d4 Nf6 3. g3 Bf5 4. c4 c6 5. Nc3 e6 6. Bg2 Bb4 7. 0-0 Nbd7 8. Qb3 Bxc3 9. bxc3 Qc8 10. Ba3 Ne4 11. cxd5 exd5 12. Rac1 b5 13. Rfd1 a5 14. Nh4 Be6 15. Nf3 Nb6 16. Ne5 f6 17. Nd3 Nc4 18. Bc5 Ned6 19. Bxd6 Nxd6 20. Nf4 0-0 21. Nxe6 Qxe6 22. e4 Nxe4 23. Bxe4 Qxe4 24. Re1 Qg6 25. Re7 Rfe8 26. Rce1 Rxe7 27. Rxe7 Re8 28. Qa3 Rxe7 29. Qxe7 Qe4 30. Qxe4 dxe4 31. g4 Kf7 32. Kg2 g5 33. f4 Ke6 34. fxg5 fxg5 35. h4 h6 36. h5 Kd6 37. Kf2 c5 38. Ke3 cxd4+ 39. cxd4 b4 0-1

[Event "Lesa op 2nd"]
[Site "Lesa"]
[Date "2013.09.22"]
[Round "4"]
[White "Nai, Giovanni"]
[Black "Cantoro, Daniele"]
[Result "0-1"]
[WhiteElo "1827"]
[BlackElo "2124"]
[PlyCount "64"]
[EventDate "2013.09.20"]
[EventType "swiss"]
[EventRounds "5"]
[EventCountry "ITA"]
[SourceTitle "EXT 2015"]
[Source "ChessBase"]
[SourceDate "2014.11.20"]
[SourceVersion "1"]
[SourceVersionDate "2014.11.20"]
[SourceQuality "1"]

1. e4 c5 2. Nf3 Nc6 3. d4 cxd4 4. Nxd4 g6 5. Nc3 Bg7 6. Be3 Nf6 7. Be2 0-0 8. Qd2 d5 9. Nxc6 bxc6 10. exd5 cxd5 11. Rd1 Bb7 12. Bf3 Ba6 13. Be2 Bxe2 14. Qxe2 e5 15. Bg5 d4 16. Ne4 Qa5+ 17. Bd2 Qxa2 18. Nxf6+ Bxf6 19. Bh6 Rfc8 20. 0-0 Qxb2 21. Rc1 Qb6 22. Ra1 a5 23. Rfb1 Qc6 24. Qg4 a4 25. h4 a3 26. Ra2 Qe6 27. Qxe6 fxe6 28. Rb6 Re8 29. g3 Kf7 30. Kf1 Be7 31. Rb7 Reb8 32. Rxb8 Rxb8 0-1

[Event "Lesa op 2nd"]
[Site "Lesa"]
[Date "2013.09.21"]
[Round "2"]
[White "Nai, Giovanni"]
[Black "Bargeri, Ludovico"]
[Result "0-1"]
[WhiteElo "1827"]
[BlackElo "2066"]
[PlyCount "105"]
[EventDate "2013.09.20"]
[EventType "swiss"]
[EventRounds "5"]
[EventCountry "ITA"]
[SourceTitle "EXT 2015"]
[Source "ChessBase"]
[SourceDate "2014.11.20"]
[SourceVersion "1"]
[SourceVersionDate "2014.11.20"]
[SourceQuality "1"]

1. e4 e6 2. d4 d5 3. Nc3 Bb4 4. Nge2 Nf6 5. e5 Nfd7 6. a3 Be7 7. Ng3 0-0 8. Be3 c5 9. Bd3 cxd4 10. Bxd4 Nc6 11. Nce2 Ndxe5 12. Bc3 Nxd3+ 13. Qxd3 Bf6 14. f4 Bxc3+ 15. Nxc3 Qf6 16. Nge2 Qg6 17. Qd2 Bd7 18. h4 h5 19. 0-0-0 Rac8 20. Rh3 Ne7 21. Rg3 Qh6 22. Nd4 Rc4 23. Nce2 Rd8 24. c3 b5 25. Kb1 a5 26. b3 Rc7 27. Kb2 f6 28. Re3 Kf7 29. Re1 Ng6 30. g3 Re8 31. Qd3 Rc5 32. Ng1 Nf8 33. Ngf3 Qh7 34. Qe2 Qg6 35. Qf2 Rcc8 36. Qe2 Rb8 37. Nh2 Kg8 38. g4 hxg4 39. Nxg4 e5 40. f5 Bxf5 41. Nxf5 Qxf5 42. Rg1 Kh7 43. Rf3 Qe6 44. Ne3 d4 45. Rfg3 dxc3+ 46. Kc2 Qf7 47. Nf5 Ne6 48. Nd6 Nd4+ 49. Kd3 Nxe2 50. Rxg7+ Qxg7 51. Rxg7+ Kxg7 52. Nxe8+ Rxe8 53. Kxe2 0-1

[Event "Varese-ch"]
[Site "Varese"]
[Date "2012.11.05"]
[Round "5"]
[White "Mazzarone, Maurizio"]
[Black "Nai, Giovanni"]
[Result "1-0"]
[WhiteElo "1912"]
[BlackElo "1852"]
[PlyCount "104"]
[EventDate "2012.10.08"]
[EventType "swiss"]
[EventRounds "6"]
[EventCountry "ITA"]
[SourceTitle "EXT 2014"]
[Source "ChessBase"]
[SourceDate "2013.11.20"]
[SourceVersion "1"]
[SourceVersionDate "2013.11.20"]
[SourceQuality "1"]

1. d4 d5 2. Nf3 Nf6 3. Bf4 c5 4. e3 Nc6 5. c3 e6 6. Nbd2 Bd7 7. Bd3 Be7 8. Ne5 Rc8 9. Qf3 cxd4 10. exd4 Qb6 11. Rb1 Na5 12. 0-0 Bb5 13. Rfe1 Bxd3 14. Qxd3 Qd8 15. Qb5+ Kf8 16. h3 a6 17. Qd3 Nh5 18. Bh2 g6 19. Qf3 Nf6 20. Bf4 Kg7 21. Qe3 Re8 22. Bh6+ Kg8 23. Nxf7 Qb6 24. Ne5 Rcd8 25. Qd3 Bf8 26. Bxf8 Rxf8 27. Re3 Qc7 28. Rbe1 Nh5 29. Nef3 Nf4 30. Qf1 Rf7 31. g3 Nh5 32. Ng5 Ng7 33. Nxf7 Qxf7 34. Qe2 Re8 35. Nf3 Nc4 36. Ne5 Qc7 37. Nxc4 dxc4 38. d5 b6 39. dxe6 Nf5 40. Rf3 Qd6 41. Qe5 Qxe5 42. Rxe5 Ng7 43. Rfe3 Nf5 44. Re2 Kg7 45. g4 Nh4 46. R5e3 g5 47. Kf1 Kf6 48. e7 Kg6 49. Re6+ Kf7 50. Rxb6 Nf3 51. Re3 Nd4 52. Re4 Nf3 1-0